000 00730nam a2200169 a 4500
001 000035449
005 20200930074342.0
008 111031s1961 xxu 000 0 eng d
040 _aDO-SdBNP
_bspa
_cBNPHU
082 _axxxx
_bM114d
100 1 _aDostoyevsky, Fyodor,
_d1821-1881.
_919889
245 1 0 _aNotes from underground, white Nights , the dream of a rediculous man , and selections from the house of the dead /
_cDostoyevsky ; a new translation with an afterword by Andrew R. MacAndrew.
260 _aNew York, :
_bThe New American Library,
_c1961.
700 1 2 _aDostoyevsky, Fyodor
_twhite Nights
_961289
700 1 2 _aDostoyevsky, Fyodor
_tthe dream of a rediculous man
_961290
700 1 2 _aMacAndrew, Andrew R.
_d1911-
_961291
999 _c34940
_d34940